000 00578cam a22002053a 4500
001 40180
003 PGUSA
005 20140828083909.0
008 120709s2012||||xxu|||||s|||||000 | eng d
040 _aPGUSA
_beng
042 _adc
100 1 _aOpie, Amelia Alderson,
_d1769-1853
245 1 2 _aA Woman's Love
_h[electronic resource] /
_cAmelia Alderson Opie
260 _bProject Gutenberg,
_c2012
506 _aPublic domain in the USA.
516 _aElectronic text
830 0 _aProject Gutenberg
_v40180
856 4 0 _uhttp://www.gutenberg.org/ebooks/40180
942 _cEB
999 _c269433
_d269433